000
00307nam a22001457a 4500
003
SGT
020
_a
9780849374838
082
_a
620
_b
CAR
100
_a
CARPER KENNETH
245
_a
FORENSIC ENGINEERING
260
_b
CRC.PRESS
_c
1998
300
_a
360
650
_a
PHYSICAL SCIENCE
942
_2
ddc
_c
BK
999
_c
15791
_d
15791